|
|
|
|
| LEADER |
00000nab a2200000 a 4500 |
| 001 |
vtls000925555 |
| 003 |
SK-MaSNL |
| 005 |
20260304195514.0 |
| 008 |
140301e19940517xo 0 slo |
| 035 |
|
|
|a KE34432
|
| 040 |
|
|
|a KEVKJB
|b slo
|c KEVKJB
|e AACR2
|
| 041 |
0 |
|
|a slo
|
| 044 |
|
|
|a xo
|c SK
|
| 080 |
|
|
|a 656.2
|2 1981
|
| 080 |
|
|
|a 323
|2 1981
|
| 100 |
0 |
|
|a (ve)
|4 aut
|9 872395
|
| 245 |
1 |
0 |
|a Staré dobré trate...
|b Severovýchodná orientácia našich železníc
|
| 650 |
0 |
7 |
|a železničná doprava
|2 KEVKJB
|9 3185
|
| 650 |
0 |
7 |
|a spojenia železničné
|2 KEVKJB
|9 1530320
|
| 650 |
0 |
7 |
|a orientácia severovýchodná
|2 KEVKJB
|9 1530321
|
| 650 |
0 |
7 |
|a priechody hraničné
|2 KEVKJB
|9 901200
|
| 773 |
0 |
8 |
|t Hospodárske noviny, č.94, 17.5.1994, s. 3
|
| 852 |
|
|
|a ZVYKNI
|b KIS3GCP
|
| 999 |
|
|
|c 3081859
|d 3083789
|